Liverpool players since 2000 - Statistics

General Stats
  • This quiz has been taken 210 times
    171 since last reset
  • The average score is 102 of 214
Answer Stats
Ranking Player Positions Nationality Matches Goals Assists Periods % Correct
4 Mohamed Salah MF, FW 288 184 86 2017-2025
98%
1 Steven Gerrard MF 463 119 89 2000-2015
98%
3 Jordan Henderson MF 360 29 45 2011-2023
97%
8 Roberto Firmino MF, FW 256 82 50 2015-2023
96%
13 Virgil van Dijk DF 234 21 8 2017-2025
96%
15 Alisson GK 229 1 3 2018-2025
95%
17 Sadio Mané MF, FW 196 90 29 2016-2022
94%
7 Trent Alexander-Arnold DF 259 18 64 2016-2025
94%
9 Andrew Robertson DF, MF 251 10 56 2017-2025
93%
39 Luis Suárez FW 110 69 23 2010-2014
93%
24 Fabinho DF, MF 151 8 8 2018-2023
91%
5 Pepe Reina GK 285 0 4 2005-2013
91%
11 Martin Škrtel DF 242 16 5 2007-2016
90%
34 Diogo Jota MF, FW 123 47 14 2020-2025
89%
26 Joe Gomez DF 149 0 5 2015-2016, 2017-2025
89%
30 Dejan Lovren DF 131 5 3 2014-2020
88%
14 James Milner DF, MF 230 19 26 2015-2023
88%
43 Luis Díaz FW 103 29 15 2021-2025
88%
23 Philippe Coutinho MF, FW 152 41 36 2012-2018
88%
152 Brad Jones GK 11 0 0 2011-2012, 2014-2015
87%
36 Curtis Jones DF, MF 119 10 8 2019-2025
87%
46 Darwin Núñez FW 95 25 13 2022-2025
87%
18 Georginio Wijnaldum MF 179 16 10 2016-2021
87%
2 Jamie Carragher DF, MF 416 1 12 2000-2013
87%
25 Joël Matip DF, MF 150 9 5 2016-2024
87%
200 Paul Jones GK 2 0 0 2003-2004
87%
22 Simon Mignolet GK 155 0 0 2013-2018
87%
131 Antonio Núñez MF 18 0 0 2004-2005
86%
65 Dominik Szoboszlai MF, FW 69 9 8 2023-2025
85%
44 Fernando Torres FW 102 65 12 2007-2011
85%
60 Ibrahima Konaté DF 82 1 2 2021-2025
84%
16 Dirk Kuyt DF, MF, FW 208 51 27 2006-2012
83%
28 Xabi Alonso MF 143 14 17 2004-2009
83%
52 Cody Gakpo MF, FW 91 25 11 2022-2025
82%
40 Divock Origi MF, FW 107 22 6 2015-2022
82%
110 Loris Karius GK 29 0 0 2016-2018
81%
59 Naby Keïta MF, FW 84 7 5 2018-2023
81%
71 Kostas Tsimikas DF 66 0 10 2020-2025
80%
74 Ryan Gravenberch MF 63 1 4 2023-2025
80%
66 Alexis Mac Allister MF, FW 68 10 10 2023-2025
79%
83 Wataru Endo DF, MF 49 1 0 2023-2025
79%
47 Raheem Sterling MF, FW 95 18 14 2011-2015
78%
33 Jerzy Dudek GK 127 0 0 2001-2007
77%
35 Michael Owen FW 121 70 12 2000-2004
77%
68 Thiago Alcántara MF 68 2 4 2020-2024
77%
37 Daniel Sturridge MF, FW 116 50 15 2012-2019
76%
38 Emre Can DF, MF 115 10 6 2014-2018
76%
10 Lucas Leiva MF 247 1 13 2007-2017
76%
108 Takumi Minamino MF, FW 30 4 0 2019-2022
76%
87 Xherdan Shaqiri MF, FW 45 7 5 2018-2021
76%
19 Daniel Agger DF 175 9 6 2005-2014
75%
12 John Arne Riise DF, MF 234 21 24 2001-2008
74%
6 Sami Hyypiä DF 280 20 6 2000-2009
74%
115 Caoimhín Kelleher GK 25 0 0 2020-2025
73%
48 Javier Mascherano DF, MF 94 1 3 2006-2011
72%
42 Alex Oxlade-Chamberlain MF, FW 103 11 10 2017-2023
71%
86 Kolo Touré DF 46 1 2 2013-2016
71%
50 Harvey Elliott MF, FW 92 5 10 2019-2020, 2021-2025
70%
21 Glen Johnson DF 160 8 11 2009-2015
69%
109 Christian Benteke FW 29 9 3 2015-2016
68%
58 Peter Crouch FW 85 22 12 2005-2008
68%
55 Alberto Moreno DF, MF 90 3 4 2014-2019
67%
76 Mamadou Sakho DF 56 2 0 2013-2016
67%
32 Adam Lallana MF, FW 128 18 16 2014-2020
66%
166 Federico Chiesa DF, MF, FW 6 0 0 2024-2025
65%
53 Joe Allen MF 91 4 1 2012-2016
65%
95 Ragnar Klavan DF 39 1 0 2016-2018
65%
51 Yossi Benayoun MF 92 18 11 2007-2010
65%
138 Adrián GK 14 0 0 2019-2021
64%
104 Conor Bradley DF 30 1 5 2023-2025
64%
62 Nathaniel Clyne DF 77 1 2 2015-2019
64%
67 Milan Baroš FW 68 19 6 2002-2006
62%
88 Andy Carroll FW 44 6 2 2010-2013
61%
49 Harry Kewell MF, FW 93 12 9 2003-2008
61%
133 Mario Balotelli FW 16 1 0 2014-2015
61%
146 Neco Williams DF 13 0 1 2019-2022
61%
159 Rhys Williams DF 9 0 0 2020-2021
61%
127 Robbie Keane FW 19 5 4 2008-2009
61%
61 Luis García MF 77 18 11 2004-2007
60%
20 Dietmar Hamann MF 163 7 18 2000-2006
58%
69 Robbie Fowler FW 67 19 7 2000-2001, 2005-2007
58%
82 Djibril Cissé FW 49 13 2 2004-2006
57%
75 Maxi Rodríguez MF, FW 57 15 4 2009-2012
57%
54 Ryan Babel MF, FW 91 12 5 2007-2011
57%
117 Fabio Borini DF, MF, FW 25 2 1 2012-2013, 2014-2015
54%
27 Steve Finnan DF 145 1 12 2003-2008
54%
70 Álvaro Arbeloa DF 66 2 3 2006-2009
53%
56 Djimi Traoré DF 88 0 1 2000-2001, 2002-2006
53%
45 Vladimír Šmicer MF, FW 100 9 20 2000-2005
52%
111 Charlie Adam MF 28 2 6 2011-2012
50%
80 Craig Bellamy FW 54 13 5 2006-2007, 2011-2012
50%
114 Joe Cole MF 26 3 1 2010-2011, 2012-2013
50%
125 Lazar Marković MF, FW 19 2 1 2014-2015
50%
158 Ozan Kabak DF 9 0 0 2020-2021
50%
160 Marko Grujić MF 8 0 0 2016-2018
49%
126 Nathaniel Phillips DF 19 1 1 2020-2021, 2022-2023
49%
100 Raul Meireles MF 35 5 6 2010-2012
49%
29 Emile Heskey FW 138 36 18 2000-2004
48%
129 Alberto Aquilani MF 18 1 6 2009-2010
47%
113 Jari Litmanen MF, FW 26 5 1 2000-2002
47%
119 Rickie Lambert FW 25 2 2 2014-2015
47%
77 El Hadji Diouf MF, FW 55 3 4 2002-2004
46%
63 José Enrique DF 76 2 8 2011-2015
46%
162 Nuri Şahin MF 7 1 1 2012-2013
46%
128 Victor Moses DF, MF, FW 19 1 0 2013-2014
46%
112 Andriy Voronin MF, FW 27 5 3 2007-2008, 2009-2010
45%
150 Sebastián Coates DF 12 1 0 2011-2013
45%
105 Jarell Quansah DF 30 2 0 2023-2025
43%
93 Jon Flanagan DF 40 1 2 2010-2011, 2013-2014, 2015-2016
43%
91 Jordon Ibe DF, MF, FW 41 1 3 2012-2016
43%
72 Stewart Downing MF, FW 65 3 5 2011-2013
43%
167 Brad Smith DF, MF 5 0 0 2013-2014, 2015-2016
42%
145 Fabio Carvalho MF, FW 13 2 0 2022-2023
42%
151 Stefan Bajcetic DF, MF 12 1 0 2022-2024
42%
57 Fábio Aurélio DF, MF 87 3 9 2006-2012
41%
141 Iago Aspas MF, FW 14 0 1 2013-2014
41%
124 Nicolas Anelka FW 20 4 2 2001-2002
41%
140 Danny Ings FW 14 3 0 2015-2016, 2017-2018
40%
84 Jonjo Shelvey MF 47 2 1 2010-2013
40%
81 Mohamed Sissoko MF 51 1 1 2005-2008
40%
90 Fernando Morientes FW 41 8 5 2004-2006
39%
121 Dominic Solanke MF, FW 21 1 1 2017-2018
38%
214 Vitezslav Jaros GK 1 0 0 2024-2025
38%
73 David N'Gog FW 63 9 1 2008-2011
37%
118 Mark González MF, FW 25 2 0 2006-2007
36%
107 Sotirios Kyrgiakos DF 30 3 0 2009-2011
36%
120 Boudewijn Zenden DF, FW 23 2 1 2005-2007
35%
192 Danny Wilson DF 2 0 0 2010-2011
35%
157 Luis Alberto MF, FW 9 0 1 2013-2014
35%
130 Andrea Dossena DF, MF 18 1 0 2008-2010
34%
85 Emiliano Insúa DF 46 0 4 2006-2010
34%
89 Markus Babbel DF 42 3 3 2000-2003
33%
98 Patrik Berger MF 37 3 7 2000-2003
33%
41 Stéphane Henchoz DF 106 0 0 2000-2004
33%
147 Christian Poulsen MF 12 0 0 2010-2011
32%
31 Danny Murphy MF 130 22 22 2000-2004
32%
106 Jay Spearing MF 30 0 1 2009-2012
32%
92 Albert Riera DF, FW 40 3 6 2008-2010
31%
79 Jermaine Pennant MF 55 3 7 2006-2009
31%
101 Martin Kelly DF, MF 33 0 1 2009-2014
31%
174 Oussama Assaidi MF, FW 4 0 0 2012-2013
31%
144 Suso MF, FW 14 0 0 2012-2013
31%
189 Ádám Bogdán GK 2 0 0 2015-2016
30%
78 Gary McAllister MF 55 5 9 2000-2002
30%
177 Ben Doak FW 3 0 0 2022-2024
29%
156 Milan Jovanović MF, FW 10 0 0 2010-2011
29%
96 Sander Westerveld GK 39 0 0 2000-2002
29%
134 Aly Cissokho DF 15 0 1 2013-2014
28%
164 Ben Woodburn MF, FW 6 0 0 2016-2018
28%
191 Danny Ward GK 2 0 0 2015-2016
28%
97 Florent Sinama Pongolle FW 38 4 1 2003-2006
28%
175 Scott Carson GK 4 0 0 2004-2005
28%
137 Abel Xavier DF 14 1 3 2001-2003
27%
64 Igor Bišćan DF, MF 72 2 0 2000-2005
27%
135 Christian Ziege DF, MF 15 1 2 2000-2001
26%
171 Jamie Redknapp MF 4 1 0 2001-2002
26%
136 Paul Konchesky DF, FW 15 0 1 2010-2011
26%
161 Sheyi Ojo MF, FW 8 0 3 2015-2016
26%
170 Doni GK 4 0 0 2011-2012
24%
155 Javier Manquillo DF 10 0 0 2014-2015
24%
123 Nabil El Zhar MF, FW 20 0 1 2006-2007, 2008-2010
24%
187 Rigobert Song DF 3 0 0 2000-2001
24%
202 Tyler Morton MF 2 0 0 2021-2022
24%
184 Jack Robinson DF 3 0 0 2009-2011
23%
188 Steven Caulker DF 3 0 0 2015-2016
22%
165 Bobby Clark MF 6 0 0 2022-2024
21%
116 Chris Kirkland GK 25 0 0 2001-2005
21%
186 Jayden Danns MF, FW 3 0 0 2023-2025
21%
139 Andre Wisdom DF 14 0 1 2012-2014
20%
103 Bruno Cheyrou MF 31 2 0 2002-2004
20%
185 James McConnell MF 3 0 0 2023-2024
20%
163 Philipp Degen DF, FW 7 0 0 2009-2010
20%
99 Salif Diao MF 37 1 2 2002-2005
20%
94 Stephen Warnock DF 40 1 1 2004-2007
20%
143 Stephen Wright DF 14 0 1 2000-2002
19%
132 Anthony Le Tallec MF, FW 17 0 1 2003-2005
17%
203 Conor Coady DF 1 0 0 2012-2013
17%
168 Daniel Ayala DF 5 0 0 2009-2010
17%
122 Josemi DF 21 0 1 2004-2006
17%
149 Neil Mellor FW 12 2 0 2002-2003, 2004-2005
17%
207 Owen Beck DF 1 0 0 2023-2024
17%
197 Kaide Gordon FW 2 0 0 2021-2022, 2023-2024
16%
154 Kevin Stewart DF, MF 11 0 0 2015-2017
16%
209 Pedro Chirivella MF 1 0 0 2015-2016
16%
102 Nick Barmby MF, FW 32 2 3 2000-2002
15%
199 Ovie Ejaria MF, FW 2 0 0 2016-2017
15%
210 Rafael Camacho DF 1 0 0 2018-2019
15%
142 Jan Kromkamp DF 14 0 1 2005-2007
14%
180 Damien Plessis MF 3 0 0 2007-2009
13%
169 Daniel Pacheco MF, FW 5 0 0 2009-2011
13%
153 Grégory Vignal DF 11 0 0 2000-2003
13%
196 João Carlos Teixeira MF, FW 2 0 0 2013-2014, 2015-2016
13%
148 Mauricio Pellegrino DF 12 0 0 2004-2005
13%
183 Gabriel Paletta DF 3 0 0 2006-2007
12%
195 Jerome Sinclair MF, FW 2 0 0 2014-2015
12%
206 Jordan Rossiter MF 1 0 0 2015-2016
12%
198 Nathan Eccleston FW 2 0 0 2009-2011
12%
201 Pegguy Arphexad GK 2 0 0 2001-2002
11%
212 Stephen Darby DF 1 0 0 2009-2010
10%
176 Vegard Heggem DF, MF 4 0 0 2000-2002
10%
178 Cameron Brannagan MF 3 0 0 2015-2016
9%
179 Connor Randall DF, MF 3 0 0 2015-2016
9%
193 Darren Potter MF 2 0 0 2004-2005
8%
190 Bernard Diomède MF, FW 2 0 0 2000-2001
7%
204 Daniele Padelli GK 1 0 0 2006-2007
7%
182 Erik Meijer FW 3 0 0 2000-2001
7%
173 Jon Otsemobor DF 4 0 0 2003-2004
7%
172 John Welsh MF 4 0 0 2003-2005
6%
208 Patrice Luzi GK 1 0 0 2003-2004
6%
211 Sergi Canós DF, MF, FW 1 0 0 2015-2016
6%
181 Danny Guthrie MF 3 0 0 2006-2007
5%
205 David Raven DF 1 0 0 2004-2005
5%
213 Steve Staunton DF, MF 1 0 0 2000-2001
5%
194 Jack Hobbs DF 2 0 0 2007-2008
4%
No matching quizzes found
Score Distribution
Percent of People with Each Score
Percentile by Number Answered
Your Score History
You have not taken this quiz since the last reset